Professional Android sensor programming (Record no. 202341)
[ view plain ]
| 000 -LEADER | |
|---|---|
| fixed length control field | 01410nam a2200337 a 4500 |
| 100 1# - MAIN ENTRY--AUTHOR NAME | |
| Personal name | Milette, Greg. |
| 245 10 - TITLE STATEMENT | |
| Title | Professional Android sensor programming |
| 260 ## - PUBLICATION, DISTRIBUTION, ETC. (IMPRINT) | |
| Place of publication | Indianapolis : |
| Name of publisher | John Wiley & Sons, |
| Year of publication | 2012. |
| 300 ## - PHYSICAL DESCRIPTION | |
| Number of Pages | xxxiii, 517 p. : |
| Other physical details | ill. (some col.). |
| 490 0# - SERIES STATEMENT | |
| Series statement | Wrox programmer to programmer |
| 500 ## - GENERAL NOTE | |
| General note | Includes index. |
| 505 0# - FORMATTED CONTENTS NOTE | |
| Formatted contents note | pt. 1. Location services -- pt. 2. Inferring information from physical sensors -- pt. 3. Sensing the augmented, pattern-rich external world -- pt. 4. Speaking to Android. |
| 650 #0 - SUBJECT ADDED ENTRY--TOPICAL TERM | |
| Topical Term | Mobile computing. |
| 700 1# - ADDED ENTRY--PERSONAL NAME | |
| Personal name | Stroud, Adam. |
| 856 40 - ELECTRONIC LOCATION AND ACCESS | |
| Uniform Resource Identifier | http://site.ebrary.com/lib/rucke/Doc?id=10565136 |
No items available.
